000 01867nam a2200445Ia 4500
001 785719688
003 OCoLC
005 20180625144847.0
008 120413t20102010nyua a 000 1 eng
020 _a9781416991403 (pbk.)
020 _a1416991409 (pbk.)
035 _a(OCoLC)785719688
040 _aYBM
_beng
_cYBM
041 1 _aeng
_aspa
090 _aPZ8.3.D3642
_bAac 2010
100 1 _aDegman, Lori.
_0http://id.loc.gov/authorities/names/n2009008051.
245 1 0 _a1 zany zoo =
_b1 zoo loco /
_cby Lori Degman ; illustrated by Colin Jack.
246 3 _a1 zoo loco.
246 3 _aOne zoo loco.
246 3 _aOne zany zoo.
250 _a1st ed.
260 _aNew York :
_bSimon & Schuster Books for Young Readers,
_cc2010.
264 1 _aNew York :
_bSimon & Schuster Books for Young Readers,
_c[2010]
264 4 _cc2010.
300 _a1 volume (unpaged) :
_bcolor illustrations ;
_c18 cm.
336 _atext
_btxt
_2rdacontent.
337 _aunmediated
_bn
_2rdamedia.
338 _avolume
_bnc
_2rdacarrier.
385 _nage
_aChildren
_2lcdgt.
520 _aWhen one fearless fox grabs the zookeeper's keys and opens all the cages, increasing numbers of animals behave in most unusual ways.
521 1 _aAges 3 and up.
546 _aIn English and Spanish.
650 0 _aZoo animals
_0http://id.loc.gov/authorities/subjects/sh85149970
_vJuvenile fiction.
_0http://id.loc.gov/authorities/subjects/sh99001687.
650 0 _aCounting
_vJuvenile fiction.
_0http://id.loc.gov/authorities/subjects/sh2009122134.
655 0 _aSpanish language materials.
655 7 _aStories in rhyme.
_2lcgft
_0http://id.loc.gov/authorities/genreForms/gf2014026559.
655 7 _aFiction.
_2lcgft
_0http://id.loc.gov/authorities/genreForms/gf2014026339.
700 1 _aJack, Colin,
_0http://id.loc.gov/authorities/names/n2009008053
_eillustrator.
942 _cBK
999 _c21017
_d21017